| 000 | 01928nam0a2200385 4500 | ||
|---|---|---|---|
| 001 | RU\NLR\bibl\2066360 | ||
| 005 | 20260406111303.0 | ||
| 010 |
_a978-5-09-031329-2 _95000 |
||
| 021 |
_aRU _b2013-58789 _9430д/13 |
||
| 035 | _a(NLR Aleph) 002052840 | ||
| 090 |
_a4649779 _c4649779 |
||
| 100 | _a20130826d2013 |||y0rusy50 ca | ||
| 101 | 0 |
_arus _aeng |
|
| 102 | _aRU | ||
| 105 | _aa ||||||||| | ||
| 200 | 1 |
_aАнглийский язык _iИзучаем английский алфавит _eпособие для учащихся общеобразовательных организаций и школ с углубленным изучением английского языка с приложением на электронном носителе _fК.М. Баранова, Д. Дули, В. Эванс |
|
| 205 | _a2-е изд. | ||
| 210 |
_aМосква _cExpress Publishing _cПросвещение _d2013 |
||
| 215 |
_a23 с. _cцв. ил. _d30 _e1 электр. опт. диск (CD-ROM) |
||
| 225 | 1 | _aЗвездный английский | |
| 225 | 1 | _aStarlight | |
| 300 | _aНа обл.: Alphabet book / Virginia Evans, Jenny Dooley, Ksenia Baranova | ||
| 512 | 1 |
_6z20790 _aAlphabet book |
|
| 606 | 1 |
_aАнглийский язык _jУчебные издания для начальной школы _9972309 _3RU\NLR\auth\6646032 |
|
| 686 | _aШ143.21-93рус21[1/4] | ||
| 686 | _aШ143.21-93рус221[1/4] | ||
| 700 | 1 |
_4070 _7ca _8rus _aБаранова _bК. М. _cд-р филол. наук _f1973- _gКсения Михайловна _933424 _3RU\NLR\AUTH\7750490 |
|
| 701 | 1 |
_4070 _7ca _8rus _aДули _bД. _gДженни _9102537 _3RU\NLR\AUTH\77119612 |
|
| 701 | 1 |
_aЭванс _bВ. _gВирджиния _4070 |
|
| 790 | 1 |
_6z20512 _aEvans _bV _gVirginia et al. _4070 |
|
| 801 | 0 |
_aRU _bNLR _c20130826 _gRCR |
|
| 801 | 1 |
_aRU _bNLR _c20130826 |
|
| 942 | _cBOOK | ||
| 980 | _aNB | ||